00373nam a22001457a 4500020001800000082002000018100001700038245006400055250000600119260003500125300001000160650001300170650002300183650002100206 a9789390790913 aM 001.42bASH/G aAshok D'cruz aGaveshanavum prasideekarana nythikathayum/cby Ashok Decruz a8 aKozhikode:bAtma books,c2025. a166p. aResearch aPublication ethics aPhD course work